• 首页
  • 本馆介绍
  • 公告通知
  • 最新文献
  • 馆藏检索
  • 电子资源
  • 读者导购
  • 参考咨询
  • 我的图书馆
  • 登录
  • 详细信息显示
  • 放入我的书架
  • 预约/预借图书
  • 作者相关作品
  • 分类相关作品
  • 丛书相关作品
  • 出版社相关作品

书目信息

  • 表格格式
  • 工作单格式
  • 卡片格式
题名:
古希腊罗马时期不确定的性别
    
 
作者: 布里松 著 ;侯雪梅 译
分册:  
出版信息: 桂林   广西师范大学出版社  2005
页数: 178页
开本: 21cm
丛书名: 西方文明溯源丛书
单 册:
中图分类: R711.1
科图分类:
主题词: 两性畸形--研究--古希腊 , 两性畸形 , 两性畸形--研究--古罗马
电子资源:
ISBN: 7-5633-5801-3
000 01144oam2 2200301 450
001 003150945
005 20070805181650.53
010    @a7-5633-5801-3@dCNY15.00
100    @a20060104d2005 em y0chiy0110 ea
101 1  @achi@cfre
102    @aCN@b450000
105    @ay z 000yy
200 1  @a古希腊罗马时期不确定的性别@9gu xi la luo ma shi qi bu que ding de xing bie@e假两性畸形人与两性畸形人@f(法)吕克·布里松(Luc Brisson)著@g侯雪梅译
210    @a桂林@c广西师范大学出版社@d2005
215    @a178页@d21cm
225 2  @a西方文明溯源丛书
304    @a法文题名:Sexe incertain
330    @a本书分“怪物出世”、“两性性与同性恋”、“两性的起源”、“两性占卜师”四章。内容有:大自然的错误、畸形人、古希腊罗马时期的同性恋等。
461  0 @12001 @a西方文明溯源丛书
517 1  @a假两性畸形人与两性畸形人@9jia liang xing ji xing ren yu liang xing ji xing ren
606 0  @a两性畸形@x研究@y古希腊
606 0  @a两性畸形
606 0  @a两性畸形@x研究@y古罗马
690    @aR711.1@v4
701  0 @c(法)@a布里松@9bu li song@c(Brisson, Luc)@4著
702  0 @a侯雪梅@9hou xue mei@4译
801  0 @aCN@bNLC@c20070805
905    @a10447@dR711.1@e24
    
    古希腊罗马时期不确定的性别:假两性畸形人与两性畸形人/(法)吕克·布里松(Luc Brisson)著/侯雪梅译.-桂林:广西师范大学出版社,2005
    178页;21cm.-(西方文明溯源丛书)
    
    
    ISBN 7-5633-5801-3:CNY15.00
    本书分“怪物出世”、“两性性与同性恋”、“两性的起源”、“两性占卜师”四章。内容有:大自然的错误、畸形人、古希腊罗马时期的同性恋等。
●
相关链接 在E读中查询图书 在五车中查询图书 在当当中查询图书 在豆瓣中查询图书


正题名:古希腊罗马时期不确定的性别     索取号:R711.1/24         预约/预借

序号 登录号 条形码 馆藏地/架位号 状态 备注
1 0806172   208061728   第二样本阅览室/ [索取号:R711.1/24] 在馆    
2 0806173   208061737   第三借阅区/ [索取号:R711.1/24] 在馆    
唐山师范学院图书馆 欢迎您!
大连网信软件有限公司© 版权所有